Central Library OPAC University of Rajshahi

গাইবান্ধা জেলার লোকসংগীত : (Record no. 80613)

MARC details
000 -LEADER
fixed length control field 01555nam a2200253 a 4500
001 - CONTROL NUMBER
RUCL Control Number 80613
003 - CONTROL NUMBER IDENTIFIER
rucl marc code BD-RjUL
005 - DATE AND TIME OF LATEST TRANSACTION
control field 20230116120624.0
008 - FIXED-LENGTH DATA ELEMENTS--GENERAL INFORMATION
fixed length control field 221025s2009 bg ||||| m||| 00| 0 ben d
035 ## - SYSTEM CONTROL NUMBER
system control number (BD-RjUL)80613
040 ## - CATALOGING SOURCE
Original cataloging agency BD-RjUL
Language of cataloging ben / eng
Transcribing agency BD-RjUL
Modifying agency BD-RjUL
041 ## - LANGUAGE CODE
Language code of Book ben
082 ## - DEWEY DECIMAL CLASSIFICATION NUMBER
Classification number 781.62095492
Author mark and Year BEG 2009
DDC Edition number 23
100 ## - MAIN ENTRY--PERSONAL NAME
Personal name বেগম, মোছাম্মৎ ফাতেমা জোহরা
9 (RLIN) 943
245 01 - TITLE STATEMENT
Title গাইবান্ধা জেলার লোকসংগীত :
Remainder of title জীবন, সমাজ ও সংস্কৃতি /
Statement of responsibility, etc মোছাম্মৎ ফাতেমা জোহরা বেগম ;
Name of Supervisor/Co-Supervisor তত্ত্বাবধায়ক :শাহরিয়ার হোসেন
260 ## - PUBLICATION, DISTRIBUTION, ETC. (IMPRINT)
Place of publication, distribution, etc রাজশাহী :
Name of publisher, distributor, etc নাট্যকলা ও সংগীত বিভাগ, রাজশাহী বিশ্ববিদ্যালয়,
Date of publication, distribution, etc ২০০৯
300 ## - PHYSICAL DESCRIPTION
Pagination [7], ২৮৪ পাতা ;
Dimensions ২৯ সেমি.
502 ## - DISSERTATION NOTE
Dissertation note থিসিস (এম. ফিল.) -- নাট্যকলা ও সংগীত বিভাগ, রাজশাহী বিশ্ববিদ্যালয়, ২০০৯
504 ## - BIBLIOGRAPHY, ETC. NOTE
Bibliography, etc গ্রন্থপঞ্জি : পাতা [২২৫]-২৩০
650 ## - SUBJECT ADDED ENTRY--TOPICAL TERM
Topical term or geographic name as entry element লোকসংগীত
Geographic subdivision গাইবান্ধা ; বাংলাদেশ
9 (RLIN) 5460
Topical term or geographic name as entry element Folk music
Geographic subdivision Gaibandha ; Bangladesh
9 (RLIN) 5461
700 ## - ADDED ENTRY--SUPERVISOR/CO-SUPERVISOR NAME
Personal name হোসেন, শাহরিয়ার, তত্ত্বাবধায়ক
9 (RLIN) 5462
942 ## - ADDED ENTRY ELEMENTS (KOHA)
Source of classification or shelving scheme Dewey Decimal Classification
Koha item type Theses
Holdings
Source of classification or shelving scheme Damaged status Not for loan Collection code Permanent Location Current Location Shelving location Date of accession Source of acquisition Total Checkouts Full call number Barcode Date last seen Copy number Thesis
Dewey Decimal Classification   Not For Loan Theses Central Library, University of Rajshahi Central Library, University of Rajshahi Documentation Section 09/11/2010 Controller of Exam. R.U   BTHE 781.62095492 BEG 2009 D3170 25/10/2022 C-1 Theses